[Event "Elista FIDE GP"]
[Site "Elista"]
[Date "2008.12.25"]
[Round "10"]
[White "Cheparinov, Ivan"]
[Black "Akopian, Vladimir Eduardovic"]
[Result "1-0"]
[WhiteElo "2696"]
[BlackElo "2679"]
[Annotator "Postny,E"]
[PlyCount "117"]
[EventDate "2008.12.14"]
[EventType "tourn"]
[EventRounds "13"]
[EventCountry "RUS"]
[EventCategory "19"]
[SourceTitle "CBM 128"]
[Source "ChessBase"]
[SourceDate "2009.01.28"]
[SourceVersion "1"]
[SourceVersionDate "2009.01.28"]
[SourceQuality "1"]

1. d4 d5 2. c4 c6 3. Nf3 Nf6 4. Nc3 dxc4 5. a4 Bf5 6. e3 {The so called "Dutch
variation" leads to positional play. A sharper continuation is 6.Ne5.} e6 7.
Bxc4 Nbd7 8. O-O Bb4 9. Qe2 {Preparing the e3-e4 advance.} O-O 10. e4 Bg6 11.
Bd3 Bh5 12. e5 Nd5 13. Nxd5 cxd5 14. Qe3 {This line is employed, among others,
by Topalov, so, obviously, Cheparinov is familiar with all the plans and ideas.
} Be7 ({In the seventh game of the last World championship match Black got a
bit the worse of matters and had to defend accurately:} 14... Re8 15. Ne1 Bg6
16. Bxg6 hxg6 17. Nd3 Qb6 18. Nxb4 Qxb4 19. b3 Rac8 20. Ba3 Qc3 21. Rac1 Qxe3
22. fxe3 $14 {1/2-1/2 Anand,V (2783)-Kramnik,V (2772)/Bonn 2008/CBM 127 (37)})
15. Ng5 ({The alternatives are:} 15. Bd2) (15. Ne1) 15... Bxg5 (15... Bg6 $5 {
worth being tested in practice.}) 16. Qxg5 Bg6 17. Be2 Qxg5 {There is nothing
wrong with the exchange of queens.} (17... Nb8 18. Qe3 Nc6 19. Bd2 Rc8 20. Bc3
Qh4 21. g3 Qe4 22. Rac1 f6 23. Qxe4 Bxe4 24. exf6 gxf6 25. f3 Bg6 26. Rfd1 Rfd8
27. Bf1 Bf5 28. Kf2 $14 {1/2-1/2 Topalov,V (2791)-Bu Xiangzhi (2714)/Nanjing
CHN 2008/(49)}) 18. Bxg5 Nb8 $1 {A typical manoeuvre in this line, even though,
it's a novelty in this specific position. The knight is going to c6, from
where it will attack White's only weakness Pd4, and perhaps move to b4.} 19. a5
{Getting more space on the queenside.} Nc6 {[%csl Rd4]} 20. Be3 {Objectively,
White has very little in this endgame. His bishops are not so active. White
hopes to make use of his space advantage in the long run.} Rfc8 (20... Nb4 21.
Ra3 (21. Ra4 Nd3 $11) 21... Nc2 22. Rb3 b6 $1 23. axb6 axb6 24. Rxb6 Rfb8 $11)
21. Ra3 Nd8 {Protecting Pb7 against possible attack by Ra3-b3, and seizing the
c-file.} 22. Re1 Rc2 23. b4 Nc6 (23... a6 {was possible as well.}) 24. b5 Nb4
25. Rb3 Na2 {Black's pieces are very active, even though he can gain no more
than equality.} 26. h4 {[%cal Gh4h5]} h5 {Not a bad move, but, it wasn't
necessary to spend a tempo on it.} (26... Nc3 27. Bf1 Rc8 28. b6 a6 {and Black
is not worse.}) 27. Bf1 Rac8 28. b6 a6 29. Kh2 Kf8 30. Re2 Rxe2 $2 {This
careless exchange spoils all Black's activity.} (30... Rc1 $1 31. Bxc1 Nxc1 32.
Rbb2 Nxe2 33. Bxe2 Ke7 $11) 31. Bxe2 {Now Black has two things to watch out:
his knight which might be trapped, and the Bxa6 strike.} Ke7 (31... Nc3 32.
Bxa6 $1 bxa6 33. Bd2 $1 Ne4 34. Bb4+ Ke8 35. f3 $1 {The point of the whole
combination.} Rb8 36. fxe4 Bxe4 37. Bd6 Rb7 38. Bc7 {blocking the rook. After
that White will win through on the kingside, as he is actually an exchange up!}
) 32. Bd2 Kd7 (32... Rc2 $2 33. Bxa6 $1 Rxd2 34. Bxb7 Rxd4 35. a6 $18 {[%csl
Ga6,Gb6]}) 33. Rb2 Nc3 34. Bxc3 (34. Bxa6 bxa6 35. Bxc3 {was definitely an
option. However, it is difficult to say whether White is winning or not,
opposite colour bishops always give the defending side chances for a draw.})
34... Rxc3 35. Bxa6 $1 {Finally, White has managed to accomplish his idea of
pushing forward his queenside pawns. Not without some help from the opponent,
though...} Kc8 $8 36. Be2 Kb8 37. Bb5 Kc8 38. Rb4 Ra3 {Black's active rook
still gives him some chances for a draw.} 39. Ba4 f6 $2 {Trying to go for
active counterplay, but, actually, a tactical oversight. To be honest, however,
I don't see how Black can survive in this endgame even with correct play.} (
39... Ra2 40. Kg3 Ra3+ 41. f3 Ra2 42. Kf4 $1 Rxg2 {If not, then the plan of
g2-g4 followed by Kf4-g5 should make White's day.} 43. Rb5 Rd2 44. Rc5+ Kb8 45.
Bd7 Rxd4+ 46. Ke3 Rc4 47. Rxc4 dxc4 48. Kd4 Bd3 49. Be8 $18) 40. exf6 gxf6 {
[%tqu "En","How should White continue?","","","a5a6","",5]} 41. a6 $1 bxa6 {
[%tqu "En","And now?","","","a4d7","I guess, this punch was overlooked by
Akopian when playing 39...f6.",5]} 42. Bd7+ $1 {I guess, this punch was
overlooked by Akopian when playing 39...f6.} Kb7 43. Bxe6 Ra5 {[%cal Ga5b5]}
44. Bd7 Bd3 45. Bc6+ $1 {Again, the same trick.} Kb8 46. Rb2 Bc4 47. f3 Ra1 48.
g4 {Creating a passed pawn on the kingside which decides the outcome.} hxg4 49.
fxg4 Re1 50. h5 Re6 51. Bd7 Re7 52. Bf5 Kb7 53. h6 a5 54. h7 Re8 55. g5 $1 {
Opening the g-lile for the rook.} fxg5 56. Rg2 a4 57. Rxg5 a3 58. Rg8 a2 59.
Rxe8 1-0

[Event "Tata Steel-A 73rd"]
[Site "Wijk aan Zee"]
[Date "2011.01.15"]
[Round "1"]
[White "Vachier Lagrave, Maxime"]
[Black "Wang, Hao"]
[Result "1/2-1/2"]
[WhiteElo "2715"]
[BlackElo "2731"]
[Annotator "Postny,E"]
[PlyCount "74"]
[EventDate "2011.01.14"]
[EventType "tourn"]
[EventRounds "13"]
[EventCountry "NED"]
[EventCategory "20"]
[SourceTitle "CBM 141"]
[Source "ChessBase"]
[SourceDate "2011.03.17"]
[SourceVersion "1"]
[SourceVersionDate "2011.03.17"]
[SourceQuality "1"]

1. d4 d5 2. c4 c6 3. Nf3 Nf6 4. Nc3 dxc4 5. a4 Bf5 6. e3 e6 7. Bxc4 Bb4 8. O-O
Nbd7 9. Qe2 O-O 10. e4 Bg6 11. Bd3 Bh5 12. e5 (12. Bf4 Re8 13. e5 Nd5 14. Nxd5
cxd5 {is another version of this variation, but Black has also an alternative
14...exd5 recapture.}) 12... Nd5 13. Nxd5 cxd5 14. Qe3 {In this line White
normally has a slight pressure thanks to the space superiority. On the other
hand, Black's position is solid and has no weaknesses.} Be7 (14... Re8 15. Bd2
Be7 16. Rfc1 a6 17. Ng5 h6 18. Nh3 Bg6 19. Nf4 Bg5 20. Be2 Bh7 21. g3 Nb8 22.
h4 Be7 23. Nd3 Bf8 24. b4 $14 {1/2-1/2 Kramnik,V (2790)-Aronian,L (2783)/
Shanghai 2010/CBM 138 (38)}) (14... Bg6 15. Ng5 Re8 16. Bxg6 fxg6 17. Qh3 Nf8
18. Qb3 a5 19. Be3 Rc8 20. g3 Qd7 21. h4 Rc4 22. Rfc1 Rec8 23. Rxc4 Rxc4 24.
Qd1 Be7 25. Nh3 Qc6 26. Nf4 Qe8 27. b3 Rc6 28. Kg2 $14 {1-0 Vitiugov,N (2709)
-Ragger,M (2615)/Moscow RUS 2011/The Week in Chess 849 (105)}) 15. Bd2 (15. Ng5
Bxg5 16. Qxg5 Bg6 17. Be2 Nb8 18. Qxd8 Rxd8 19. Bd2 Nc6 20. Bc3 f6 21. f4 Be4
$11 {1/2-1/2 Ganguly,S (2644)-Bu Xiangzhi (2680)/Guangzhou CHN 2010/The Week
in Chess 837 (31)}) 15... Nb8 {A typical manoeuvre and the main move in this
position. The knight is going to c6 where it can press the Pd4, or move
forward to b4, according to circumstances.} 16. a5 {Trying to seize more space
on the queenside.} (16. Ne1 {appeared more often in the past, but later on,
Black found the way to fight against white's pawns offensive by} Bg6 17. f4 Nc6
18. g4 Be4 $1) 16... a6 17. Rfc1 Nc6 18. Ne1 Qd7 (18... Bg6 19. Bxg6 fxg6 {
is one of Black's main ideas. This way he secures his king's position, while
it's difficult for White to attack the Pe6. Still, Black has a certain lack of
space, and above-mentioned game Vitiugov-Ragger was a typical torture for such
structure.}) 19. Bc2 Qd8 $6 {I didn't understand that "queen dance". Probably
Wang Hao played 18...Qd7 automatically, then got concerned about the Bc2-a4
manoeuvre. Naturally, the loss of two tempi can't pass just like that, and
Vachier Lagrave reacts accordingly.} (19... Bg6 20. Nd3 $14) 20. Qh3 $1 Bg6 21.
Bxg6 hxg6 {[%csl Rd4] Black couldn't recapture with the other pawn, as Pe6
would be hanging. Now the opened h-file is a source of worry for Black, his
king will be in danger.} 22. Qg4 Rc8 23. Nf3 Qd7 {Now the queen is safe here.
Meanwhile, White is building an assault against the black monarch.} 24. Bg5 Bb4
25. Qh4 Ne7 (25... Nxa5 26. Bf6 {If White moves the bishop to another square,
then Bb4-e7 saves Black from the deadly threat Nf3-g5.} Rxc1+ 27. Rxc1 gxf6 28.
exf6 Rc8 29. Rc3 Rxc3 30. bxc3 Qa4 $1 31. g4 Qd1+ 32. Kg2 Nc4 $1 33. Ng5 Ne3+
$1 34. fxe3 Qe2+ 35. Kg1 Qxe3+ $11 {A difficult line to find over the board,
as Black has to calculate way ahead, including a series of only moves.}) 26. g4
Rxc1+ 27. Rxc1 Rc8 28. Kg2 Nc6 $2 {The Pa5 is of minor significance. It was
necessary to swap rooks and activate the queen right away.} (28... Rxc1 29.
Bxc1 Qc7 30. Ng5 (30. Bf4 g5 $1 31. Nxg5 Qc2 32. Qh5 Qg6 $11) 30... Qxc1 31.
Qh7+ Kf8 32. Qh8+ Ng8 33. Nh7+ Ke7 34. Qxg8 Qf4 35. Qf8+ Kd7 36. Qxb4 Qxg4+ 37.
Kf1 Qd1+ 38. Qe1 Qh5 39. Nf8+ Ke8 $11 {[%csl Rf8]}) 29. Rd1 $1 {The rook finds
its way to join the atack via the 3rd rank.} Bxa5 30. Rd3 Nb4 31. Rb3 Qb5 32.
Be7 $4 {White had several winning possibilities. The move in the text seems to
be one of them, but falls to a neat refutation.} (32. Ng1 $1 {[%cal Rb3h3]
This was the easiest way. The threat 33.Rh3 can't be parried in a satisfactory
way.}) (32. Bf6 $1 {This was the most elegant solution.} Nd3 (32... gxf6 33.
exf6 $18 {[%cal Rh4h6,Rh6g7]}) 33. Rxd3 Qxd3 (33... g5 34. Qxg5 $18) 34. Ng5
$18) {[%tqu "En","Is there anything Black can do against the threat Nf3-g5?",
"","","b4d3","This amazing resource saves the day.",12]} 32... Nd3 $3 {This
amazing resource saves the day.} 33. Rxb5 {Forced, unfortunately for White.} (
33. Ng5 $4 Nf4+ 34. Kg3 Qxb3+ 35. Kxf4 Bd2#) (33. Rxd3 $2 g5 $1 {This is
probably what Maxime had overlooked.} (33... Qxd3 $4 34. Ng5 $18) 34. Nxg5 (34.
Rc3 gxh4 35. Rxc8+ Kh7 36. Ng5+ Kg6 $19) 34... Qxd3 $19 {[%csl Yh7][%cal Yd3h7]
}) 33... Nf4+ 34. Kg3 {It was a wise decision to accept the perpetual check.
An attempt to play for a win by 34.Kh1 could be dangerous only for White, even
though that the objective result in such cases would be still be a draw. Here
are some sample lines:} (34. Kh1 Rc1+ 35. Ng1 Ne2 36. h3 (36. Kg2 Rxg1+ 37. Kf3
Nxd4+ 38. Ke3 Nxb5 $15) 36... axb5 37. Qg5 Rxg1+ 38. Kh2 Rb1 (38... Nxd4 39.
Qe3 Rd1 40. Bc5 Nc6 41. Qb3 Rc1 42. Qxb5 Rc2 $11) 39. Qe3 Rxb2 40. Qa3 Bc3 41.
Qa8+ Kh7 42. Qf8 Bxd4 43. Bf6 gxf6 44. Qxf7+ Kh6 45. Qf8+ $11) 34... Ne2+ 35.
Kh3 Nf4+ 36. Kg3 Ne2+ 37. Kg2 Nf4+ 1/2-1/2

[Event "Cappelle op 31st"]
[Site "Cappelle la Grande"]
[Date "2015.03.01"]
[Round "2"]
[White "L'Ami, Erwin"]
[Black "Bailet, Pierre"]
[Result "1/2-1/2"]
[WhiteElo "2606"]
[BlackElo "2496"]
[Annotator "RR"]
[PlyCount "62"]
[EventDate "2015.02.28"]
[EventType "swiss"]
[EventRounds "9"]
[EventCountry "FRA"]
[SourceTitle "EXT 2016"]
[Source "ChessBase"]
[SourceDate "2015.10.08"]
[SourceVersion "1"]
[SourceVersionDate "2015.10.08"]
[SourceQuality "1"]

1. d4 d5 2. c4 c6 3. Nc3 Nf6 4. Nf3 dxc4 5. a4 Bf5 6. e3 e6 7. Bxc4 Bb4 8. O-O
Nbd7 9. Qe2 O-O 10. e4 Bg6 11. Bd3 Bh5 12. e5 Nd5 13. Nxd5 (13. Ne4) 13... cxd5
14. Qe3 Be7 (14... Re8 {L'alternative} 15. Ng5 Bg6 16. Bxg6 fxg6 17. a5 Rc8 (
17... Bxa5 18. Qf3 Nf8 (18... Rf8 $2 19. Qh3 {[%csl Re6,Rh7]})) 18. Qh3 Nf8 19.
Qb3 Bxa5 20. Qxb7 Re7 21. Qa6 Bb6 22. Nf3 Rf7 {Vachier Lagrave,M (2718)-Balogh,
C (2644) EU-ch 14th Legnica 2013 (7) 1/2} (22... h6 $5 $146 23. h4 (23. Bd2 g5)
23... Rc2 24. Qd3 Rec7 $13 {Avrukh:"The classical Slav"})) 15. Ng5 (15. Bd2 Nb8
{[%cal Gb8c6]}) 15... Bxg5 16. Qxg5 Bg6 (16... Qxg5 $143 17. Bxg5 Nb8 18. Bd2
Nc6 19. Bc3 $14 {Cori,J (2630)-Mastrovasilis,D (2608) Tromso ol (Men) 41st
2014 (7.3) 1/2}) 17. Bxg6 (17. Be2 Qxg5 18. Bxg5 Nb8 19. Rfc1 Nc6 20. Be3 Rac8
21. Rc3 Nb4 22. Raa3 a5 23. h4 h6 24. g4 Rfd8 25. h5 Bh7 26. Kg2 Kf8 27. Kg3
Bb1 28. Ra1 Bh7 29. Rac1 Nc2 30. Bd2 Rc6 31. Rxc6 bxc6 32. Bd1 Nb4 33. Bxb4+
axb4 34. Rxc6 Bd3 35. Kf3 b3 36. Ke3 Bc4 37. Rb6 Ra8 38. Rb4 f6 39. f4 fxe5 40.
dxe5 Kg8 41. f5 Rf8 42. fxe6 d4+ 43. Kxd4 Bxe6 44. Bxb3 Bxb3 45. Rxb3 Rf4+ 46.
Kd5 Rxa4 {Wang,Y (2717)-Bu,X (2699) China 2014 1-0}) 17... fxg6 18. a5 $146 (
18. Qg4 Rf5 19. Be3 Nb8 20. a5 a6 21. Rfc1 Nc6 22. Rc5 Na7 23. Rac1 Nb5 24. h4
Qe8 25. g3 Rf8 26. R1c2 Qf7 27. Kg2 h6 28. Qd1 Qf5 29. f3 h5 30. Bf4 Kh7 31.
Be3 Rae8 32. Bg5 Kg8 33. Be3 Kh7 34. Bg5 {1/2-1/2 (34) Bacrot,E (2729)-Akopian,
V (2705) Gothenburg 2005}) 18... Nb8 $1 19. Qxd8 Rxd8 20. Be3 Rc8 (20... Nc6
21. Rfc1 {[%cal Ga5a6]} Rac8 22. a6 b6 23. Kf1 Nb4 $132) 21. Rfc1 Nc6 22. Rc3
a6 23. Rac1 Kf7 24. b4 Ke7 {Un coup tranquille et après Kd7, les Noirs auront
une bonne finale car le B n'est pas très bon} 25. Rb1 Na7 26. Rc5 $1 Kd7 $11
27. Kf1 Nb5 28. Ra1 Rf8 29. Ke2 Rac8 30. f3 h6 31. Kd3 Rc7 {Les Noirs n'ont
jamais eu de problèmes dans cette partie} 1/2-1/2

[Event "POL-chT 66th"]
[Site "Katowice"]
[Date "2010.09.09"]
[Round "6"]
[White "Gajewski, Grzegorz"]
[Black "Miton, Kamil"]
[Result "1/2-1/2"]
[WhiteElo "2568"]
[BlackElo "2629"]
[Annotator "RR"]
[PlyCount "61"]
[EventDate "2010.09.04"]
[EventType "team-tourn"]
[EventRounds "9"]
[EventCountry "POL"]
[SourceTitle "EXT 2016"]
[Source "ChessBase"]
[SourceDate "2015.10.08"]
[SourceVersion "1"]
[SourceVersionDate "2015.10.08"]
[SourceQuality "1"]
[WhiteTeam "Lublin"]
[BlackTeam "Katowice Szopienice"]
[WhiteTeamCountry "POL"]
[BlackTeamCountry "POL"]

1. d4 d5 2. c4 c6 3. Nf3 Nf6 4. Nc3 dxc4 5. a4 Bf5 6. e3 e6 7. Bxc4 Nbd7 8. O-O
Bb4 9. Qe2 O-O 10. e4 Bg6 11. Bd3 Bh5 12. e5 Nd5 13. Nxd5 cxd5 14. Qe3 Be7 15.
Ng5 Bxg5 16. Qxg5 Bg6 17. Be2 Nb8 18. Qxd8 Rxd8 19. Bd2 Nc6 20. Bc3 Rac8 (20...
f6 21. exf6 gxf6 22. a5 a6 23. Rfe1 Kf7 24. Ra3 e5 25. Rb3 Rab8 26. dxe5 fxe5
27. Rb6 Rd7 28. b4 d4 29. Bc4+ Kg7 30. Bd2 Rc7 31. b5 Na7 32. Bf1 Nxb5 33. Rxe5
d3 34. h4 Rc2 35. Bf4 Rd8 36. Rxb7+ Kg8 37. Ree7 Rc5 38. Rg7+ Kh8 39. Rgd7 Rd5
40. Rxd5 Rxd5 41. Bd2 Nd6 42. Rd7 Bf5 43. Rd8+ Kg7 44. f3 h5 45. Kf2 Kf7 46.
Ke1 Ke7 47. Bg5+ Ke6 48. Bf4 Nc4 49. Rxd5 Kxd5 50. g4 {Onischuk,A (2665)
-Akopian,V (2660) Tsaghkadzor 2015 1/2-1/2 (67)}) 21. a5 $14 a6 22. h4 (22.
Rfc1 f6 23. f4 Kf7 24. Kf2 Be4 25. g3 Rc7 26. Ke3 Ne7 27. g4 Rdc8 28. Bd2 Rxc1
29. Rxc1 Rxc1 30. Bxc1 Nc6 31. Bd2 h6 32. Bc3 Na7 33. b4 Nb5 34. Bxb5 axb5 35.
Be1 Bc2 36. h4 f5 37. g5 Kg6 38. Kf3 {1/2-1/2 (38) Tan,Z (2428)-Shen,Y (2443)
Jiangsu Wuxi 2011}) 22... h5 23. f3 Na7 24. Rfc1 f6 25. exf6 gxf6 26. Kf2 Kf7
27. Bb4 Nc6 28. Bc5 e5 $1 $11 29. dxe5 Nxe5 30. b4 Bd3 31. f4 1/2-1/2

[Event "Altensteig"]
[Site "Altensteig"]
[Date "1994.??.??"]
[Round "2"]
[White "Gabriel, Christian"]
[Black "Ribli, Zoltan"]
[Result "0-1"]
[WhiteElo "2545"]
[BlackElo "2605"]
[Annotator "Ribli,Z"]
[PlyCount "96"]
[EventDate "1994.08.??"]
[EventType "tourn"]
[EventRounds "11"]
[EventCountry "GER"]
[EventCategory "12"]
[SourceTitle "CBM 043"]
[Source "ChessBase"]
[SourceDate "1994.12.01"]
[SourceVersion "1"]
[SourceVersionDate "1994.12.01"]
[SourceQuality "1"]

1. d4 {Hertneck} d5 2. c4 c6 3. Nf3 Nf6 4. Nc3 dxc4 5. a4 Bf5 6. e3 e6 7. Bxc4
Bb4 8. O-O Nbd7 9. Qe2 O-O 10. e4 Bg6 11. Bd3 a6 $5 $146 12. h3 (12. Bf4 $5)
12... h6 (12... Re8 13. e5 (13. Bf4 $5) 13... Nd5 14. Nxd5 cxd5 15. Bxg6 hxg6
$10) 13. e5 (13. Bf4 $142 {Hertneck}) 13... Nd5 14. Nxd5 cxd5 15. Bxg6 fxg6 16.
Qd3 g5 (16... Rf5 $5 17. g4 Rf7 18. Nh2 g5 19. f4 Qb6 $1 $13) (16... Qe8 {
Hertneck}) 17. Nh2 Rf5 18. f4 Qb6 $1 19. a5 $6 {!? Hertneck} (19. Be3 gxf4 20.
Rxf4 Raf8 $10) 19... Bxa5 20. fxg5 Nxe5 21. Qg3 Rxf1+ 22. Nxf1 Nc4 $1 (22...
Qxd4+ $2 23. Be3 Qxb2 24. Rxa5 Nc4 25. Rc5 $16) 23. Rxa5 $6 (23. gxh6 Qxd4+ 24.
Kh2 Bb6 25. Qxg7+ Qxg7 26. hxg7 Bd4 $17) 23... Nxa5 24. gxh6 Qxd4+ 25. Be3 Qxb2
26. Qg4 (26. Nh2 Qa1+ $19) 26... Qf6 27. Ng3 Nc4 28. Bg5 (28. Nh5 $5 Qa1+ $1 (
28... Qf7 $2 29. Bd4 e5 30. hxg7 exd4 31. Qg5 d3 32. Qh6 Qxh5 33. Qxh5 Kxg7 34.
Qg5+ Kh7 35. Qf5+ Kg7 36. Qxd3 $16) 29. Kh2 Nxe3 30. Qxe6+ Kh7 31. Qxe3 $15)
28... Ne5 $1 29. Qh4 Ng6 (29... Qf7 {Hertneck} 30. hxg7 Qxg7 31. Bf6 Ng6 32.
Qg5 Qf7) 30. Qh5 (30. Bxf6 Nxh4 31. Bxh4 a5 $19 (31... gxh6 $19 {Hertneck}))
30... Qf7 31. hxg7 Rc8 $1 32. Qg4 Rc4 33. Qe2 Kxg7 (33... e5 34. Nh5 Rc6 $17)
34. Nh5+ Kf8 35. Qb2 (35. Nf6 Rc1+ $1 36. Bxc1 Qxf6 $19) 35... e5 (35... Rc6 {
Hertneck}) 36. Qb6 Rc6 37. Qd8+ Qe8 38. Qxd5 (38. Bh6+ Kf7 39. Qxd5+ Qe6 40.
Qf3+ Nf4 $17) 38... Nf4 $1 39. Nxf4 exf4 40. Bxf4 Qe6 41. Qd8+ Kf7 42. h4 $6 (
42. Kh2) 42... Rc5 $1 43. Kh2 a5 44. Qd3 Rf5 45. Qf3 Qd5 46. Qe3 (46. Qc3 Rxf4
47. Qc7+ Ke6 48. Qxf4 Qe5 $19) 46... a4 47. g3 Qa2+ 48. Kh3 Qe6 0-1